Т. 4; Педагогические сочинения

Detalles Bibliográficos
Parent link:Педагогические сочинения: в 6 т./ К. Д. Ушинский; Академия педагогических наук СССР ; сост. С. Ф. Егоров. Т. 4.— , 1988-.— 5-7155-0008-7
Idioma:ruso
Publicado: 1989
Subjects:
Formato: MixedMaterials Libro
KOHA link:https://koha.lib.tpu.ru/cgi-bin/koha/opac-detail.pl?biblionumber=228273

MARC

LEADER 00000nam2a2200000 4500
001 228273
005 20231101230849.0
010 |a 5715500095 
035 |a (RuTPU)RU\TPU\book\248730 
035 |a RU\TPU\book\248729 
090 |a 228273 
100 |a 20121218g1989 km y0rusy5003 ca 
101 0 |a rus 
102 |a RU 
105 |a a z 001zy 
200 0 |a Т. 4 
210 |d 1989 
215 |a 528 с.  |c ил. 
320 |a Указатель имен: с. 521. 
320 |a Библиография в комментариях: с. 516-520. 
461 1 |0 (RuTPU)RU\TPU\book\248505  |y 5-7155-0008-7  |t Педагогические сочинения  |o в 6 т.  |f К. Д. Ушинский  |g Академия педагогических наук СССР ; сост. С. Ф. Егоров  |v Т. 4  |d 1988- 
606 1 |a Педагогика общая  |2 stltpush  |3 (RuTPU)RU\TPU\subj\48422  |9 67292 
610 1 |a воспитание 
610 1 |a грамматика 
610 1 |a русский язык 
686 |a Ч31  |2 rubbk 
801 0 |a RU  |b RuMRKP  |c 19950417  |g psbo 
801 1 |a RU  |b 63413507  |c 20121214 
801 2 |a RU  |b 63413507  |c 20190614  |g RCR 
942 |c BK